000 00306nam a22001337a 4500
008 170613b xxu||||| |||| 00| 0 eng d
020 _a0139687688
041 _aeng
080 _a32
100 _a19
101 _aSHP
245 _aWORLD POLITICS IN THE TWENTIETH CENTURY
_cBECKMAN,P.R
942 _2udc
_cBK
999 _c17182
_d17182